Le code SCH paroles - Statistiques

Statistiques générales
  • Ce quiz a été pris 86 fois
  • Le résultat moyen est 150 sur 269
Statistiques - réponses
Hint Réponse % Correct
à
92%
a
92%
le
92%
rivage
88%
la
85%
Sur
85%
sur
85%
au
83%
des
80%
tout
78%
j'ai
76%
son
76%
me
75%
sourire
75%
diable
73%
et
73%
face
73%
un
73%
du
71%
fait
71%
l'orage
71%
on
71%
potos
71%
va
71%
que
69%
lune
68%
mes
68%
pour
68%
dans
66%
mon
66%
Viser
66%
code
64%
vallée
64%
guitares
63%
seul
63%
sont
63%
rappelle
61%
toi
61%
dure
59%
fautes
59%
commis
58%
est
58%
quitté
58%
par
56%
pas
56%
plein
56%
sac
56%
l'école
54%
allure
53%
beretta
53%
c'est
53%
j'connais
53%
ma
53%
toute
53%
vie
53%
charbon
51%
les
51%
aux
49%
j'crois
49%
nature
49%
tant
49%
vivre
49%
contre
47%
durer
47%
en
47%
jour
47%
lève
46%
mourir
46%
ou
46%
peines
46%
sous
46%
tu
46%
bruit
44%
j'attends
44%
joie
44%
partir
44%
flingue
42%
larmes
42%
millionnaire
42%
qu'à
42%
rassure
42%
tis-par
42%
d'thune
41%
facile
41%
pire
41%
qu'en
41%
donc
39%
l'enfer
39%
millions
39%
n'est
39%
plus
39%
sévit
39%
d'amis
37%
d'ennemis
37%
qu'se
37%
t'as
37%
violent
37%
y
37%
dune
36%
réveillé
36%
si
36%
suis
36%
vent
36%
être
34%
fous
34%
j'me
34%
rires
34%
s'allie
34%
années
32%
hard
32%
moi
32%
porté
32%
tenir
32%
chance
31%
j'viens
31%
laissez
31%
main
31%
tête
31%
bien
29%
center
29%
cogné
29%
connais
29%
d'ou
29%
fardeau
29%
hey
29%
ils
29%
l'année
29%
qu'mon
29%
sais
29%
sanguinolent
29%
soucis
29%
gagner
27%
j'repense
27%
j'veux
27%
m'sourire
27%
prométhazine
27%
tellement
27%
veut
27%
les années 2000
25%
avalanches
25%
ego
25%
n'as
25%
travail
25%
bande
24%
terre
24%
sable
22%
terme
22%
t'nir
22%
veulent
22%
sales
20%
voler
20%
copains
19%
l'savoir
17%
mains
17%
torrents
15%
avec
14%
libres
2%
Aucun quiz correspondant
Distribution des résultats
% des personnes avec chaque résultat
Percentile par nombre de réponses
Votre historique - résultats
Vous n’avez pas pris ce quiz